Rugby - Joueurs aléatoires de l'équipe de France pour la saison 24/25 - Statistiques

Statistiques générales
  • Ce quiz a été pris 40 fois
  • Le résultat moyen est 12 sur 15
Statistiques - réponses
Par images Réponse % Correct
Anthony JELONCH
94%
Cyril BAILLE
94%
Jean-Baptiste GROS
91%
Julien MARCHAND
89%
Péato MAUVAKA
89%
Uini ATONIO
86%
Emmanuel MEAFOU
80%
Romain TAOFIFENUA
80%
Georges-Henri COLOMBE
77%
Thibaud FLAMENT
77%
Dorian ALDEGHERI
74%
Alexandre ROUMAT
71%
Reda WARDI
71%
Mickaël GUILLARD
69%
Tevita TATAFU
54%
Aucun quiz correspondant
Distribution des résultats
% des personnes avec chaque résultat
Percentile par nombre de réponses
Votre historique - résultats
Vous n’avez pas pris ce quiz